000 00707nam a2200217 a 4500
008 120416s1992 ||||||||||||||||| || u
020 _a0797411038
050 _aJC 433 Shi
100 _aShivji, Isaa G
245 1 0 _aFight my beloved continent
246 _anew democracy in Africa
250 _a2nd expanded ed.
260 _aHarare
_bSAPES Books
_c1992
300 _aiii, 46p.
350 _a0.00
500 _aIncludes bibliographical references (p. 21-22).
650 _aPOLITICS
650 _aCOMMUNISM--AFRICA
650 _aTEXTBOOKS
995 _D0.00
_FCBU-MAIN LIBRARY (Kitwe)
_H1
_I4.00
_M1
_UAVAILABLE
_ZAnnex Low-Usage Collection
999 _c43263
_d43263